书目信息 |
| 题名: |
公务员普通话培训与测试
|
|
| 作者: | 邢捍国 编著 | |
| 分册: | ||
| 出版信息: | 北京 北京大学出版社 2005 |
|
| 页数: | 191页 | |
| 开本: | 21cm | |
| 丛书名: | ||
| 单 册: | ||
| 中图分类: | H102 | |
| 科图分类: | ||
| 主题词: | 普通话--公务员--培训--教材 , 普通话 | |
| 电子资源: | ||
| ISBN: | 7-301-08341-6 | |
| 000 | 00882nam0 2200241 450 | |
| 001 | 012007504142 | |
| 005 | 20070517111008.76 | |
| 010 | @a7-301-08341-6@dCNY22.00 | |
| 100 | @a20070509d2005 km y0chiy0120 ea | |
| 101 | 0 | @achi |
| 102 | @aCN@b110000 | |
| 105 | @ay z 000yy | |
| 106 | @ar | |
| 200 | 1 | @a公务员普通话培训与测试@Agong wu yuan pu tong hua pei xun yu ce shi@f邢捍国编著@Fxing han guo bian zhu |
| 210 | @a北京@c北京大学出版社@d2005 | |
| 215 | @a191页@d21cm | |
| 330 | @a本书在选材上注重与公务员工作需要、政治学习和日常生活相结合,以“精讲多练”为原则,知识以必要为度,练习以实用性和可读性为标准,内容分为实用语音知识及其针对性训练、综合性训练、普通话水平测试等几部分。 | |
| 606 | 0 | @a普通话@x公务员@x培训@j教材 |
| 606 | 0 | @a普通话 |
| 690 | @aH102@v4 | |
| 701 | 0 | @a邢捍国@Axing han guo@f(1965~)@4编著 |
| 801 | 0 | @aCN@bRULIN@c20070517 |
| 905 | @dH102@e125@s8 | |
| 公务员普通话培训与测试/邢捍国编著.-北京:北京大学出版社,2005 |
| 191页;21cm |
| ISBN 7-301-08341-6:CNY22.00 |
| 本书在选材上注重与公务员工作需要、政治学习和日常生活相结合,以“精讲多练”为原则,知识以必要为度,练习以实用性和可读性为标准,内容分为实用语音知识及其针对性训练、综合性训练、普通话水平测试等几部分。 |
| ● |
| 相关链接 |
|
|
|
|
正题名:公务员普通话培训与测试
索取号:H102/125
 
预约/预借
| 序号 | 登录号 | 条形码 | 馆藏地/架位号 | 状态 | 备注 |
| 1 | 0578957 | 205789574 | 第二样本阅览室/ [索取号:H102/125] | 在馆 | |
| 2 | 0578958 | 205789583 | 第四借阅区/ [索取号:H102/125] | 在馆 | |
| 3 | 0578959 | 205789592 | 第四借阅区/ [索取号:H102/125] | 在馆 | |
| 4 | 0578960 | 205789609 | 第四借阅区/ [索取号:H102/125] | 在馆 | |
| 5 | 0578961 | 205789618 | 第四借阅区/ [索取号:H102/125] | 在馆 | |
| 6 | 0578962 | 205789627 | 第四借阅区/ [索取号:H102/125] | 在馆 | |
| 7 | 0578963 | 205789636 | 第四借阅区/ [索取号:H102/125] | 在馆 | |
| 8 | 0578964 | 205789645 | 第四借阅区/ [索取号:H102/125] | 在馆 |